Global marketing : foreign entry, local marketing and global management (Record no. 184999)

MARC details
000 -LEADER
fixed length control field 00513nam a2200169Ia 4500
005 - DATE AND TIME OF LATEST TRANSACTION
control field 20250605094804.0
008 - FIXED-LENGTH DATA ELEMENTS--GENERAL INFORMATION
fixed length control field 231217s9999 xx 000 0 und d
020 ## - INTERNATIONAL STANDARD BOOK NUMBER
International Standard Book Number 9780070667082
082 ## - DEWEY DECIMAL CLASSIFICATION NUMBER
Classification number 658.8 JOH;1 R
100 ## - MAIN ENTRY--PERSONAL NAME
Personal name Johnsson, Johny K.
245 #0 - TITLE STATEMENT
Title Global marketing : foreign entry, local marketing and global management
250 ## - EDITION STATEMENT
Edition statement 4th ed.
260 ## - PUBLICATION, DISTRIBUTION, ETC. (IMPRINT)
Date of publication, distribution, etc. 2006
Name of publisher, distributor, etc. TMH
Place of publication, distribution, etc. New Delhi
300 ## - PHYSICAL DESCRIPTION
Extent xviii, 648
650 ## - SUBJECT ADDED ENTRY--TOPICAL TERM
Topical term or geographic name as entry element Global,marketing,foreign,entry,,local,marketing,global,management
942 ## - ADDED ENTRY ELEMENTS (KOHA)
Koha item type Books
Holdings
Date last seen Total Checkouts Full call number Accession number Old discount Uniform Resource Identifier Cost, replacement price Price effective from Category Lost status Damaged status Department Withdrawn status bill no. bill date Permanent Location Current Location Shelving location Entry date Vendor Cost, normal purchase price Grants Currency symbol Conversion rate Discount Discount type
26/01/2024   658.8 JOH;1 R 57981 25 digital/contents/57983.pdf 345.00 26/01/2024 Books     MBA   BANG/2009/CRB/1846 29/11/2013 Central Library Central Library MBA 02/02/2010 Intact Book House Pvt Ltd 460.00 MBA RS 1 115 Rupees
26/01/2024   658.8 JOH;2 R1 57982 25 digital/contents/57983.pdf 345.00 26/01/2024 Books     Central Library   BANG/2009/CRB/1846 30/11/2013 Central Library Central Library Central Library 02/02/2010 Intact Book House Pvt Ltd 460.00 MBA RS 1 115 Rupees
26/01/2024   658.8 JOH;3 57983 25 digital/contents/57983.pdf 345.00 26/01/2024 Books     Central Library   BANG/2009/CRB/1846 19/10/2015 Central Library Central Library Central Library 02/02/2010 Intact Book House Pvt Ltd 460.00 MBA RS 1 115 Rupees

© For any Suggestions or Query, please contact the library staff @ librarian@pes.edu or Phone: +9180 2672 1983/ 2108.